<?xml version="1.0" encoding="UTF-8"?>
<record
    xmlns:xsi="http://www.w3.org/2001/XMLSchema-instance"
    xsi:schemaLocation="http://www.loc.gov/MARC21/slim http://www.loc.gov/standards/marcxml/schema/MARC21slim.xsd"
    xmlns="http://www.loc.gov/MARC21/slim">

  <leader>00385    a2200121   4500</leader>
  <controlfield tag="001">ART_62652</controlfield>
  <controlfield tag="005">20260410162057.0</controlfield>
  <controlfield tag="008">260409a                                 </controlfield>
  <datafield tag="245" ind1="1" ind2="0">
    <subfield code="a">En memoria del Papa Francisco</subfield>
  </datafield>
  <datafield tag="100" ind1="1" ind2=" ">
    <subfield code="a">Borinsky, Mariano H.</subfield>
  </datafield>
  <datafield tag="700" ind1="1" ind2=" ">
    <subfield code="a">Schurjin Almenar, Daniel</subfield>
  </datafield>
  <datafield tag="773" ind1="0" ind2=" ">
    <subfield code="t">Temas de derecho penal y procesal penal</subfield>
    <subfield code="g">- A&#xF1;o 7, N&#xB0; 5/6 (mayo/jun. 2025)</subfield>
    <subfield code="w">REV60798</subfield>
  </datafield>
  <datafield tag="999" ind1=" " ind2=" ">
    <subfield code="c">36382</subfield>
    <subfield code="d">36382</subfield>
  </datafield>
</record>
